Los acreedores "involuntarios" en la ley concursal y en la doctrina de la Corte Suprema de Justicia (Registro nro. 11579)
[ vista simple ]
| 000 -LEADER | |
|---|---|
| fixed length control field | 00358 a2200109 4500 |
| 001 - CONTROL NUMBER | |
| control field | ART_6856 |
| 005 - DATE AND TIME OF LATEST TRANSACTION | |
| control field | 20260410161621.0 |
| 008 - FIXED-LENGTH DATA ELEMENTS--GENERAL INFORMATION | |
| fixed length control field | 260409a |
| 100 1# - MAIN ENTRY--PERSONAL NAME | |
| Personal name | Vaiser, Lidia |
| 245 10 - TITLE STATEMENT | |
| Title | Los acreedores "involuntarios" en la ley concursal y en la doctrina de la Corte Suprema de Justicia |
| 773 0# - HOST ITEM ENTRY | |
| Title | Enfoques |
| Related parts | - Nº 8 (ago. 2010) |
| Record control number | REV416 |
No hay ítems disponibles.